000 00329nam a2200145Ia 4500
008 150201s2009 xx 000 0 und d
082 _a617.6
_bC09V
100 _aVARMA,BRR
245 _aCLINICAL PERIODENTOLOGY
250 _a2ND
260 _bARYA PUB.
_aDELHI
_c2009
300 _a1-472
650 _aDENTISTRY
942 _2ddc
_cBK
999 _c399
_d399